Loading...
| Fine Arts - Classical Music | 0 | 7 | 0 | 0 | 70 | 50 | 102.57 | 1 | 3 |
| Fine Arts - Other Fine Arts | 0 | 3 | 0 | 1 | 30 | 41 | 102.33 | 1 | 2 |
| Literature - British Literature | 0 | 2 | 0 | 0 | 20 | 51 | 80.50 | 1 | 1 |
| Religion | 0 | 2 | 0 | 0 | 20 | 75 | 99.50 | 0 | 1 |
| Current Events | 0 | 1 | 0 | 0 | 10 | 68 | 68.00 | 0 | 0 |
| History - World History | 0 | 1 | 0 | 0 | 10 | 81 | 81.00 | 0 | 1 |
| Other Academic | 0 | 1 | 0 | 1 | 10 | 130 | 130.00 | 0 | 0 |
| Pop Culture | 0 | 1 | 0 | 1 | 10 | 153 | 153.00 | 0 | 0 |
| History - Other History | 0 | 1 | 0 | 0 | 10 | 104 | 104.00 | 0 | 1 |
| Geography | 0 | 1 | 0 | 0 | 10 | 96 | 96.00 | 0 | 0 |
| History - American History | 0 | 1 | 0 | 0 | 10 | 87 | 87.00 | 0 | 1 |
| History - European History | 0 | 1 | 0 | 0 | 10 | 138 | 138.00 | 0 | 0 |
| Mythology | 0 | 0 | 1 | 0 | -5 | 0.00 | 0 | 0 |